[Event "23rd European Team Chess Championship 2021 - Open"]
[Site "Catez, Slovenia"]
[Date "2021.11.19"]
[Round "7"]
[Board "3"]
[White "Gledura, Benjamin"]
[Black "Ivanisevic, Ivan"]
[Result "0-1"]
[WhiteElo "2635"]
[BlackElo "2604"]
[PlyCount "0"]
[EventDate "2021.11.12"]
[EventType "team"]
[EventRounds "9"]
[EventCountry "ECX"]
[WhiteTeam "Hungary"]
[BlackTeam "Serbia"]

1. d4 {[%clk 01:30:56]} {[%emt 00:00:04]} Nf6 {[%clk 01:30:54]} {[%emt
00:00:07]} 2. c4 {[%clk 01:31:16]} {[%emt 00:00:10]} e6 {[%clk 01:31:18]}
{[%emt 00:00:06]} 3. Nc3 {[%clk 01:31:02]} {[%emt 00:00:44]} Bb4 {[%clk
01:31:33]} {[%emt 00:00:15]} 4. e3 {[%clk 01:31:03]} {[%emt 00:00:29]} c5
{[%clk 01:31:42]} {[%emt 00:00:21]} 5. Bd3 {[%clk 01:30:18]} {[%emt 00:01:14]}
cxd4 {[%clk 01:29:13]} {[%emt 00:02:59]} 6. exd4 {[%clk 01:30:39]} {[%emt
00:00:09]} d5 {[%clk 01:29:37]} {[%emt 00:00:07]} 7. cxd5 {[%clk 01:30:15]}
{[%emt 00:00:53]} Nxd5 {[%clk 01:29:36]} {[%emt 00:00:31]} 8. Nge2 {[%clk
01:30:22]} {[%emt 00:00:24]} Nc6 {[%clk 01:27:23]} {[%emt 00:02:44]} 9. O-O
{[%clk 01:30:18]} {[%emt 00:00:33]} O-O {[%clk 01:27:44]} {[%emt 00:00:09]} 10.
a3 {[%clk 01:28:36]} {[%emt 00:02:11]} Bd6 {[%clk 01:24:59]} {[%emt 00:03:15]}
11. Re1 {[%clk 01:27:11]} {[%emt 00:01:55]} Nxc3 {[%clk 01:16:02]} {[%emt
00:09:27]} 12. bxc3 {[%clk 01:25:36]} {[%emt 00:02:05]} e5 {[%clk 01:16:01]}
{[%emt 00:00:31]} 13. Ng3 {[%clk 01:15:21]} {[%emt 00:10:44]} f5 {[%clk
00:58:16]} {[%emt 00:18:16]} 14. Bb1 {[%clk 00:46:25]} {[%emt 00:29:25]} Kh8
{[%clk 00:49:52]} {[%emt 00:08:54]} 15. Ra2 {[%clk 00:46:30]} {[%emt 00:00:26]}
Bc7 {[%clk 00:35:48]} {[%emt 00:14:34]} 16. Rd2 {[%clk 00:34:36]} {[%emt
00:12:24]} e4 {[%clk 00:35:09]} {[%emt 00:01:08]} 17. c4 {[%clk 00:19:54]}
{[%emt 00:15:12]} Ba5 {[%clk 00:32:38]} {[%emt 00:03:01]} 18. Bb2 {[%clk
00:20:11]} {[%emt 00:00:13]} Ne5 {[%clk 00:32:20]} {[%emt 00:00:49]} 19. Ba2
{[%clk 00:11:13]} {[%emt 00:09:28]} Bxd2 {[%clk 00:29:50]} {[%emt 00:03:00]} 20.
Qxd2 {[%clk 00:11:41]} {[%emt 00:00:02]} Nd3 {[%clk 00:30:12]} {[%emt
00:00:07]} 21. Bc3 {[%clk 00:11:12]} {[%emt 00:01:00]} Nxe1 {[%clk 00:26:57]}
{[%emt 00:03:45]} 22. d5 {[%clk 00:11:36]} {[%emt 00:00:05]} Qh4 {[%clk
00:24:31]} {[%emt 00:02:56]} 23. Qxe1 {[%clk 00:11:51]} {[%emt 00:00:15]} Bd7
{[%clk 00:23:01]} {[%emt 00:02:00]} 24. Qa1 {[%clk 00:10:18]} {[%emt 00:02:04]}
Qh6 {[%clk 00:20:08]} {[%emt 00:03:22]} 25. c5 {[%clk 00:09:51]} {[%emt
00:00:57]} Rae8 {[%clk 00:16:07]} {[%emt 00:04:31]} 26. Nh5 {[%clk 00:06:22]}
{[%emt 00:04:00]} Rf7 {[%clk 00:12:12]} {[%emt 00:04:24]} 27. c6 {[%clk
00:03:53]} {[%emt 00:02:59]} bxc6 {[%clk 00:10:58]} {[%emt 00:01:44]} 28. dxc6
{[%clk 00:04:16]} {[%emt 00:00:07]} Qxh5 {[%clk 00:11:03]} {[%emt 00:00:25]}
 0-1

[Event "23rd European Team Chess Championship 2021 - Open"]
[Site "Catez, Slovenia"]
[Date "2021.11.19"]
[Round "7"]
[Board "1"]
[White "Andersen, Mads"]
[Black "Navara, David"]
[Result "1/2-1/2"]
[WhiteElo "2575"]
[BlackElo "2699"]
[PlyCount "0"]
[EventDate "2021.11.12"]
[EventType "team"]
[EventRounds "9"]
[EventCountry "ECX"]
[WhiteTeam "Denmark"]
[BlackTeam "Czech Republic"]

1. d4 {[%clk 01:30:54]} {[%emt 00:00:05]} Nf6 {[%clk 01:30:56]} {[%emt
00:00:04]} 2. c4 {[%clk 01:31:17]} {[%emt 00:00:07]} e6 {[%clk 01:31:18]}
{[%emt 00:00:08]} 3. Nf3 {[%clk 01:31:38]} {[%emt 00:00:09]} d5 {[%clk
01:31:34]} {[%emt 00:00:14]} 4. g3 {[%clk 01:31:59]} {[%emt 00:00:09]} Be7
{[%clk 01:31:58]} {[%emt 00:00:06]} 5. Bg2 {[%clk 01:32:22]} {[%emt 00:00:07]}
O-O {[%clk 01:32:23]} {[%emt 00:00:05]} 6. O-O {[%clk 01:32:41]} {[%emt
00:00:11]} dxc4 {[%clk 01:32:50]} {[%emt 00:00:04]} 7. Qc2 {[%clk 01:32:47]}
{[%emt 00:00:23]} a6 {[%clk 01:33:13]} {[%emt 00:00:08]} 8. a4 {[%clk
01:33:08]} {[%emt 00:00:09]} Bd7 {[%clk 01:33:39]} {[%emt 00:00:04]} 9. Qxc4
{[%clk 01:33:18]} {[%emt 00:00:20]} Bc6 {[%clk 01:34:03]} {[%emt 00:00:05]} 10.
Bg5 {[%clk 01:33:19]} {[%emt 00:00:29]} Nbd7 {[%clk 01:34:27]} {[%emt
00:00:07]} 11. Nc3 {[%clk 01:33:08]} {[%emt 00:00:40]} a5 {[%clk 01:34:42]}
{[%emt 00:00:16]} 12. Rfd1 {[%clk 01:27:21]} {[%emt 00:06:16]} h6 {[%clk
01:34:35]} {[%emt 00:00:37]} 13. Bxf6 {[%clk 01:26:45]} {[%emt 00:01:06]} Nxf6
{[%clk 01:34:57]} {[%emt 00:00:08]} 14. Qb3 {[%clk 01:25:11]} {[%emt 00:02:04]}
Qb8 {[%clk 01:34:13]} {[%emt 00:01:13]} 15. Ne5 {[%clk 01:04:10]} {[%emt
00:21:32]} Bxg2 {[%clk 01:34:21]} {[%emt 00:00:21]} 16. Kxg2 {[%clk 01:04:37]}
{[%emt 00:00:03]} Rd8 {[%clk 01:32:26]} {[%emt 00:02:24]} 17. Nc4 {[%clk
00:59:19]} {[%emt 00:05:49]} Bb4 {[%clk 01:31:04]} {[%emt 00:01:52]} 18. Na2
{[%clk 00:49:56]} {[%emt 00:09:53]} Bf8 {[%clk 01:30:16]} {[%emt 00:01:18]} 19.
Nc3 {[%clk 00:48:55]} {[%emt 00:01:32]} Bb4 {[%clk 01:28:49]} {[%emt 00:01:57]}
20. Na2 {[%clk 00:49:11]} {[%emt 00:00:13]} Bf8 {[%clk 01:28:16]} {[%emt
00:01:03]} 21. Nc3 {[%clk 00:49:17]} {[%emt 00:00:24]} Bb4 {[%clk 01:27:31]}
{[%emt 00:01:15]}  1/2-1/2

[Event "23rd European Team Chess Championship 2021 - Open"]
[Site "Catez, Slovenia"]
[Date "2021.11.20"]
[Round "8"]
[Board "4"]
[White "Sanal, Vahap"]
[Black "Lodici, Lorenzo"]
[Result "1-0"]
[WhiteElo "2590"]
[BlackElo "2529"]
[PlyCount "0"]
[EventDate "2021.11.12"]
[EventType "team"]
[EventRounds "9"]
[EventCountry "ECX"]
[WhiteTeam "Turkey"]
[BlackTeam "Italy"]

1. Nf3 {[%clk 01:30:47]} {[%emt 00:00:12]} d5 {[%clk 01:26:02]} {[%emt
00:04:59]} 2. b3 {[%clk 01:30:24]} {[%emt 00:00:51]} Bg4 {[%clk 01:24:12]}
{[%emt 00:02:21]} 3. Bb2 {[%clk 01:30:41]} {[%emt 00:00:12]} e6 {[%clk
01:24:32]} {[%emt 00:00:11]} 4. g3 {[%clk 01:31:01]} {[%emt 00:00:10]} a5
{[%clk 01:21:22]} {[%emt 00:03:40]} 5. Bg2 {[%clk 01:30:38]} {[%emt 00:00:52]}
a4 {[%clk 01:21:49]} {[%emt 00:00:05]} 6. O-O {[%clk 01:28:12]} {[%emt
00:02:56]} Nf6 {[%clk 01:14:48]} {[%emt 00:07:31]} 7. c4 {[%clk 01:26:01]}
{[%emt 00:02:40]} c6 {[%clk 01:11:17]} {[%emt 00:04:01]} 8. bxa4 {[%clk
01:20:13]} {[%emt 00:06:19]} Nbd7 {[%clk 01:09:05]} {[%emt 00:02:42]} 9. cxd5
{[%clk 01:18:55]} {[%emt 00:01:47]} exd5 {[%clk 01:08:51]} {[%emt 00:00:44]} 10.
d3 {[%clk 01:18:00]} {[%emt 00:01:24]} Be7 {[%clk 01:07:59]} {[%emt 00:01:24]}
11. Bc3 {[%clk 01:14:56]} {[%emt 00:03:33]} O-O {[%clk 00:57:39]} {[%emt
00:10:49]} 12. Nbd2 {[%clk 01:11:55]} {[%emt 00:03:32]} Ne8 {[%clk 00:53:19]}
{[%emt 00:04:50]} 13. a5 {[%clk 01:09:32]} {[%emt 00:02:52]} Nd6 {[%clk
00:53:19]} {[%emt 00:00:31]} 14. Nb3 {[%clk 01:08:46]} {[%emt 00:01:14]} Bf6
{[%clk 00:45:42]} {[%emt 00:08:09]} 15. Qd2 {[%clk 01:07:28]} {[%emt 00:01:48]}
Re8 {[%clk 00:42:21]} {[%emt 00:03:51]} 16. Rfe1 {[%clk 01:06:19]} {[%emt
00:01:38]} c5 {[%clk 00:39:37]} {[%emt 00:03:16]} 17. Bxf6 {[%clk 00:58:40]}
{[%emt 00:08:08]} Qxf6 {[%clk 00:39:58]} {[%emt 00:00:09]} 18. Rac1 {[%clk
00:58:48]} {[%emt 00:00:22]} c4 {[%clk 00:35:45]} {[%emt 00:04:43]} 19. Nbd4
{[%clk 00:54:39]} {[%emt 00:04:38]} Nc5 {[%clk 00:36:13]} {[%emt 00:00:03]} 20.
Qb4 {[%clk 00:52:37]} {[%emt 00:02:32]} Rac8 {[%clk 00:30:59]} {[%emt
00:05:46]} 21. Nb5 {[%clk 00:44:03]} {[%emt 00:09:03]} Nxb5 {[%clk 00:27:05]}
{[%emt 00:04:24]} 22. Qxb5 {[%clk 00:40:55]} {[%emt 00:03:38]} c3 {[%clk
00:26:22]} {[%emt 00:01:13]} 23. h3 {[%clk 00:34:51]} {[%emt 00:06:33]} Bxf3
{[%clk 00:23:29]} {[%emt 00:03:24]} 24. Bxf3 {[%clk 00:35:19]} {[%emt
00:00:02]} Red8 {[%clk 00:16:14]} {[%emt 00:07:45]} 25. Bg2 {[%clk 00:31:57]}
{[%emt 00:03:51]} Qd4 {[%clk 00:10:04]} {[%emt 00:06:41]} 26. Rc2 {[%clk
00:29:20]} {[%emt 00:03:05]} Qf6 {[%clk 00:04:20]} {[%emt 00:06:16]} 27. h4
{[%clk 00:22:22]} {[%emt 00:07:28]} g6 {[%clk 00:04:18]} {[%emt 00:00:33]} 28.
Rb1 {[%clk 00:18:28]} {[%emt 00:04:22]} Rc7 {[%clk 00:02:58]} {[%emt 00:01:51]}
29. Rb4 {[%clk 00:17:53]} {[%emt 00:01:05]} Na6 {[%clk 00:03:26]} {[%emt
00:00:02]} 30. Rf4 {[%clk 00:17:50]} {[%emt 00:00:33]} Qe5 {[%clk 00:03:55]}
{[%emt 00:00:01]} 31. d4 {[%clk 00:14:30]} {[%emt 00:03:50]} Qd6 {[%clk
00:04:24]} {[%emt 00:00:01]} 32. Qb3 {[%clk 00:14:45]} {[%emt 00:00:14]} Qb4
{[%clk 00:03:30]} {[%emt 00:01:25]} 33. Bxd5 {[%clk 00:12:12]} {[%emt
00:03:02]} Rxd5 {[%clk 00:03:59]} 34. Qxd5 {[%clk 00:12:39]} {[%emt 00:00:04]}
Qb1+ {[%clk 00:04:23]} {[%emt 00:00:05]} 35. Kg2 {[%clk 00:12:36]} {[%emt
00:00:34]} Qxc2 {[%clk 00:04:52]} {[%emt 00:00:02]} 36. Qd8+ {[%clk 00:11:32]}
{[%emt 00:01:33]} Kg7 {[%clk 00:05:21]} 37. d5 {[%clk 00:09:42]} {[%emt
00:02:19]} f5 {[%clk 00:03:47]} {[%emt 00:02:06]} 38. d6 {[%clk 00:08:51]}
{[%emt 00:01:21]} Rf7 {[%clk 00:04:12]} {[%emt 00:00:05]} 39. Qe8 {[%clk
00:08:35]} {[%emt 00:00:46]} Qxa2 {[%clk 00:03:48]} {[%emt 00:00:55]} 40. Rd4
{[%clk 00:06:35]} {[%emt 00:02:29]} Qxa5 {[%clk 00:00:41]} {[%emt 00:03:37]} 41.
d7 {[%clk 00:02:18]} {[%emt 00:04:47]} c2 {[%clk 00:29:57]} {[%emt 00:01:14]}
42. d8=Q {[%clk 00:29:41]} {[%emt 00:03:06]} Qxd8 {[%clk 00:30:17]} {[%emt
00:00:10]} 43. Rxd8 {[%clk 00:30:08]} {[%emt 00:00:04]} c1=Q {[%clk 00:30:39]}
{[%emt 00:00:06]} 44. Qg8+ {[%clk 00:29:53]} {[%emt 00:00:46]} Kf6 {[%clk
00:31:08]} {[%emt 00:00:01]} 45. Rd6+ {[%clk 00:26:46]} {[%emt 00:03:37]} Ke5
{[%clk 00:31:33]} {[%emt 00:00:05]} 46. Qd8 {[%clk 00:25:48]} {[%emt 00:01:28]}
Nc7 {[%clk 00:26:54]} {[%emt 00:05:09]} 47. f4+ {[%clk 00:25:52]} {[%emt
00:00:27]} Ke4 {[%clk 00:27:21]} {[%emt 00:00:04]} 48. Re6+ {[%clk 00:26:13]}
{[%emt 00:00:08]} Nxe6 {[%clk 00:27:47]} {[%emt 00:00:04]} 49. Qd3# {[%clk
00:26:38]} {[%emt 00:00:03]} Kd5 {[%emt 00:00:15]}  1-0

[Event "23rd European Team Chess Championship 2021 - Open"]
[Site "Catez, Slovenia"]
[Date "2021.11.20"]
[Round "8"]
[Board "1"]
[White "Navara, David"]
[Black "Gretarsson, Hjorvar Steinn"]
[Result "1-0"]
[WhiteElo "2699"]
[BlackElo "2574"]
[PlyCount "0"]
[EventDate "2021.11.12"]
[EventType "team"]
[EventRounds "9"]
[EventCountry "ECX"]
[WhiteTeam "Czech Republic"]
[BlackTeam "Iceland"]

1. e4 {[%clk 01:30:58]} c5 {[%clk 01:30:54]} {[%emt 00:00:06]} 2. Nf3 {[%clk
01:31:22]} {[%emt 00:00:07]} d6 {[%clk 01:31:20]} {[%emt 00:00:05]} 3. Bb5+
{[%clk 01:31:46]} {[%emt 00:00:05]} Nd7 {[%clk 01:31:10]} {[%emt 00:00:40]} 4.
d4 {[%clk 01:32:06]} {[%emt 00:00:10]} Ngf6 {[%clk 01:29:37]} {[%emt 00:02:02]}
5. O-O {[%clk 01:25:09]} {[%emt 00:07:28]} cxd4 {[%clk 01:29:38]} {[%emt
00:00:28]} 6. Qxd4 {[%clk 01:24:24]} {[%emt 00:01:15]} a6 {[%clk 01:26:16]}
{[%emt 00:03:52]} 7. Be2 {[%clk 01:24:37]} {[%emt 00:00:17]} e5 {[%clk
01:24:24]} {[%emt 00:02:23]} 8. Qe3 {[%clk 01:25:02]} {[%emt 00:00:05]} Nc5
{[%clk 01:06:58]} {[%emt 00:17:55]} 9. Nc3 {[%clk 01:22:14]} {[%emt 00:03:18]}
Be6 {[%clk 00:59:09]} {[%emt 00:08:20]} 10. Ng5 {[%clk 01:17:46]} {[%emt
00:04:58]} Rc8 {[%clk 00:57:43]} {[%emt 00:01:55]} 11. Nxe6 {[%clk 01:07:50]}
{[%emt 00:10:26]} Nxe6 {[%clk 00:57:07]} {[%emt 00:01:06]} 12. Rd1 {[%clk
01:05:46]} {[%emt 00:02:34]} Be7 {[%clk 00:54:50]} {[%emt 00:02:48]} 13. a4
{[%clk 00:57:54]} {[%emt 00:08:22]} O-O {[%clk 00:50:14]} {[%emt 00:05:02]} 14.
Bd2 {[%clk 00:57:19]} {[%emt 00:01:08]} Re8 {[%clk 00:43:03]} {[%emt 00:07:41]}
15. Bd3 {[%clk 00:40:58]} {[%emt 00:16:51]} g6 {[%clk 00:38:34]} {[%emt
00:04:59]} 16. b3 {[%clk 00:33:32]} {[%emt 00:07:57]} Nd4 {[%clk 00:32:34]}
{[%emt 00:06:29]} 17. Rac1 {[%clk 00:33:10]} {[%emt 00:00:52]} Ng4 {[%clk
00:26:18]} {[%emt 00:06:46]} 18. Qh3 {[%clk 00:32:48]} {[%emt 00:00:51]} Bg5
{[%clk 00:25:26]} {[%emt 00:01:23]} 19. Bxg5 {[%clk 00:25:41]} {[%emt
00:07:37]} Qxg5 {[%clk 00:25:48]} {[%emt 00:00:08]} 20. Nd5 {[%clk 00:26:05]}
{[%emt 00:00:06]} h5 {[%clk 00:18:20]} {[%emt 00:07:59]} 21. Qg3 {[%clk
00:25:56]} {[%emt 00:00:38]} f5 {[%clk 00:16:23]} {[%emt 00:02:28]} 22. h4
{[%clk 00:17:46]} {[%emt 00:08:39]} Qd8 {[%clk 00:14:19]} {[%emt 00:02:33]} 23.
f3 {[%clk 00:17:20]} {[%emt 00:00:57]} f4 {[%clk 00:13:31]} {[%emt 00:01:18]}
24. Qe1 {[%clk 00:17:38]} {[%emt 00:00:12]} Nf6 {[%clk 00:12:55]} {[%emt
00:01:06]} 25. Bc4 {[%clk 00:18:01]} {[%emt 00:00:07]} Kg7 {[%clk 00:09:06]}
{[%emt 00:04:19]} 26. Rxd4 {[%clk 00:15:04]} {[%emt 00:03:28]} exd4 {[%clk
00:09:25]} {[%emt 00:00:10]} 27. Nxf4 {[%clk 00:15:27]} {[%emt 00:00:07]} d5
{[%clk 00:08:30]} {[%emt 00:01:26]} 28. Bxd5 {[%clk 00:15:45]} {[%emt
00:00:11]} Qb6 {[%clk 00:04:42]} {[%emt 00:04:19]} 29. a5 {[%clk 00:15:15]}
{[%emt 00:00:59]} Qc5 {[%clk 00:04:20]} {[%emt 00:00:52]} 30. Ne6+ {[%clk
00:03:25]} {[%emt 00:12:20]} Rxe6 {[%clk 00:04:38]} {[%emt 00:00:12]} 31. Bxe6
{[%clk 00:03:52]} {[%emt 00:00:02]} d3+ {[%clk 00:03:51]} {[%emt 00:01:18]} 32.
Kh1 {[%clk 00:04:07]} {[%emt 00:00:15]} Qc3 {[%clk 00:03:15]} {[%emt 00:01:06]}
33. Qxc3 {[%clk 00:00:42]} {[%emt 00:03:55]} Rxc3 {[%clk 00:03:40]} {[%emt
00:00:05]} 34. e5 {[%clk 00:01:02]} {[%emt 00:00:10]} Ne8 {[%clk 00:00:55]}
{[%emt 00:03:15]} 35. Kg1 {[%clk 00:01:28]} {[%emt 00:00:03]} Rxc2 {[%clk
00:00:46]} {[%emt 00:00:40]} 36. Rd1 {[%clk 00:01:54]} {[%emt 00:00:04]} Rc5
{[%clk 00:00:37]} {[%emt 00:00:39]} 37. f4 {[%clk 00:00:59]} {[%emt 00:01:26]}
Nc7 {[%clk 00:00:55]} {[%emt 00:00:12]} 38. Bc4 {[%clk 00:01:11]} {[%emt
00:00:17]} Nd5 {[%clk 00:00:50]} {[%emt 00:00:36]} 39. Rxd3 {[%clk 00:01:30]}
{[%emt 00:00:10]} Nxf4 {[%clk 00:01:10]} {[%emt 00:00:10]} 40. Rd7+ {[%clk
00:01:56]} {[%emt 00:00:03]} Kh6 {[%clk 00:01:00]} {[%emt 00:00:41]} 41. g3
{[%clk 00:02:08]} {[%emt 00:00:18]}  1-0

[Event "23rd European Team Chess Championship 2021 - Open"]
[Site "Catez, Slovenia"]
[Date "2021.11.21"]
[Round "9"]
[Board "4"]
[White "Moranda, Wojciech"]
[Black "Quparadze, Giga"]
[Result "1-0"]
[WhiteElo "2623"]
[BlackElo "2475"]
[PlyCount "0"]
[EventDate "2021.11.12"]
[EventType "team"]
[EventRounds "9"]
[EventCountry "ECX"]
[WhiteTeam "Poland"]
[BlackTeam "Georgia"]

1. d4 {[%clk 01:30:55]} {[%emt 00:00:04]} Nf6 {[%clk 01:30:54]} {[%emt
00:00:06]} 2. c4 {[%clk 01:31:11]} {[%emt 00:00:14]} e6 {[%clk 01:31:19]}
{[%emt 00:00:05]} 3. Nc3 {[%clk 01:31:29]} {[%emt 00:00:12]} Bb4 {[%clk
01:31:43]} {[%emt 00:00:06]} 4. e3 {[%clk 01:31:49]} {[%emt 00:00:11]} O-O
{[%clk 01:32:06]} {[%emt 00:00:07]} 5. Nge2 {[%clk 01:32:07]} {[%emt 00:00:11]}
Re8 {[%clk 01:32:32]} {[%emt 00:00:05]} 6. a3 {[%clk 01:32:22]} {[%emt
00:00:14]} Bf8 {[%clk 01:32:57]} {[%emt 00:00:05]} 7. Ng3 {[%clk 01:32:39]}
{[%emt 00:00:14]} d5 {[%clk 01:33:20]} {[%emt 00:00:06]} 8. Be2 {[%clk
01:32:58]} {[%emt 00:00:11]} b6 {[%clk 01:30:15]} {[%emt 00:03:35]} 9. O-O
{[%clk 01:32:21]} {[%emt 00:01:08]} Bb7 {[%clk 01:30:22]} {[%emt 00:00:23]} 10.
cxd5 {[%clk 01:32:39]} {[%emt 00:00:12]} exd5 {[%clk 01:30:22]} {[%emt
00:00:29]} 11. b4 {[%clk 01:32:58]} {[%emt 00:00:11]} c6 {[%clk 01:26:52]}
{[%emt 00:04:00]} 12. Rb1 {[%clk 01:26:13]} {[%emt 00:07:15]} Nbd7 {[%clk
01:26:55]} {[%emt 00:00:27]} 13. f3 {[%clk 01:23:05]} {[%emt 00:03:38]} Bd6
{[%clk 01:22:25]} {[%emt 00:05:00]} 14. Nf5 {[%clk 01:08:18]} {[%emt 00:15:18]}
Bc7 {[%clk 01:22:48]} {[%emt 00:00:06]} 15. g4 {[%clk 00:54:09]} {[%emt
00:14:39]} Kh8 {[%clk 01:09:06]} {[%emt 00:14:12]} 16. Bd3 {[%clk 00:51:56]}
{[%emt 00:02:42]} Nf8 {[%clk 01:08:44]} {[%emt 00:00:53]} 17. Rb2 {[%clk
00:48:57]} {[%emt 00:03:29]} Ne6 {[%clk 01:07:46]} {[%emt 00:01:29]} 18. f4
{[%clk 00:40:53]} {[%emt 00:08:33]} Rb8 {[%clk 01:07:24]} {[%emt 00:00:52]} 19.
g5 {[%clk 00:36:09]} {[%emt 00:05:15]} Ng8 {[%clk 01:07:46]} {[%emt 00:00:08]}
20. Rg2 {[%clk 00:34:50]} {[%emt 00:01:48]} c5 {[%clk 01:07:55]} {[%emt
00:00:21]} 21. Nb5 {[%clk 00:31:12]} {[%emt 00:04:07]} Ba6 {[%clk 01:07:10]}
{[%emt 00:01:16]} 22. Qa4 {[%clk 00:25:51]} {[%emt 00:05:51]} Bc8 {[%clk
01:05:57]} {[%emt 00:01:42]} 23. Nxc7 {[%clk 00:23:55]} {[%emt 00:02:27]} Nxc7
{[%clk 01:05:58]} {[%emt 00:00:28]} 24. dxc5 {[%clk 00:23:39]} {[%emt
00:00:47]} bxc5 {[%clk 01:04:28]} {[%emt 00:02:01]} 25. bxc5 {[%clk 00:23:48]}
{[%emt 00:00:20]} Bxf5 {[%clk 01:01:32]} {[%emt 00:03:27]} 26. Bxf5 {[%clk
00:24:06]} {[%emt 00:00:12]} Qe7 {[%clk 01:01:05]} {[%emt 00:00:57]} 27. Qxa7
{[%clk 00:18:09]} {[%emt 00:06:27]} Ra8 {[%clk 00:52:25]} {[%emt 00:09:09]} 28.
Qb6 {[%clk 00:17:49]} {[%emt 00:00:50]} Ra6 {[%clk 00:50:51]} {[%emt 00:02:04]}
29. Qb1 {[%clk 00:14:49]} {[%emt 00:03:30]} Qxc5 {[%clk 00:48:11]} {[%emt
00:03:09]} 30. Bxh7 {[%clk 00:14:50]} {[%emt 00:00:30]} d4 {[%clk 00:48:39]}
{[%emt 00:00:02]} 31. exd4 {[%clk 00:13:32]} {[%emt 00:01:48]} Qxd4+ {[%clk
00:49:05]} {[%emt 00:00:05]} 32. Kh1 {[%clk 00:13:42]} {[%emt 00:00:19]} Rd6
{[%clk 00:46:49]} {[%emt 00:02:46]} 33. Bb2 {[%clk 00:11:54]} {[%emt 00:02:18]}
Qd5 {[%clk 00:46:26]} {[%emt 00:00:53]} 34. Be5 {[%clk 00:11:56]} {[%emt
00:00:28]} Ra6 {[%clk 00:41:58]} {[%emt 00:04:58]} 35. Be4 {[%clk 00:11:44]}
{[%emt 00:00:43]} Qd7 {[%clk 00:42:08]} {[%emt 00:00:19]} 36. Qe1 {[%clk
00:10:58]} {[%emt 00:01:16]} Rxe5 {[%clk 00:41:52]} {[%emt 00:00:46]} 37. fxe5
{[%clk 00:10:07]} {[%emt 00:01:21]} g6 {[%clk 00:38:34]} {[%emt 00:03:48]} 38.
Qh4+ {[%clk 00:10:17]} {[%emt 00:00:19]} Kg7 {[%clk 00:38:57]} {[%emt
00:00:06]} 39. Rgf2 {[%clk 00:10:35]} {[%emt 00:00:14]}  1-0